000 00681nam a2200289Ia 4500
005 20260401125921.0
008 008 300114s9999 xx 000 0 eng d
020 _a9781306123099
037 _aEBOOK
040 _aCRL
040 _beng
040 _cCRL
041 _2eng
041 _aeng
084 _qCRL
100 _aDye
_9894034
245 0 _aUnderstanding Public Policy
250 _a14
260 _bPearson
260 _c2014
365 _b96768.16251630003
650 _aPolitical Science
856 _uhttps://admin.elibrary.in.pearson.com/api/1.0/org/24122025/launchlibrary
942 _cEBOOK
999 _c1847950
_d1847950